Statistics for Famous people from Chicago

Click here to take the quiz!

General Stats

  • This quiz has been taken 15 times
  • The average score is 9 of 16

Answer Stats

Answer% Correct
Barack Obama
100%
Hillary Clinton
100%
Michelle Obama
100%
Kanye West
93%
Walt Disney
93%
Al Capone
86%
Harrison Ford
79%
Hugh Hefner
71%
John Cusack
50%
Jenny McCarthy
43%
Mike Krzyzewski
43%
Bernie Mac
29%
Common
21%
James Watson
7%
Jim & John Belushi
0%
Michael Joardan
0%

Score Distribution

Percentile by Number Answered

Percent of People with Each Score

Your Score History

You have not taken this quiz